00794 a2200181 4500020001600000040001300016082001300029100002200042245005900064260005900123300005000182500001900232650005400251942002600305999001500331952013300346952013300479 a 8173196583 aDLCbDLC a510.2462 aBabu, A. Chandra. aNew Engineering Mathematics (Vol 1)cA. Chandra, Babu. aNew Delhi:b Narosa Publishing House Pvt. Ltd.,c2006. avol,i. x, (various pagings) :bill. ;c24 cm. aIncludes Index a1.Engineering Mathematics. 2.Mathematics physics. cBKk510.2462 BAB2ddc c7485d7485 001040708NFICaCLbCLcGENd2006-04-05eAllied Book Companyg279.04l0o510.2462 BABpSEECS007213r2012-11-14w2017-01-05yBK 001040708NFICaCLbCLcGENd2006-04-05eAllied Book Companyg279.04l0o510.2462 BABpSEECS007214r2012-11-14w2017-01-05yBK